00568nam a2200193Ia 4500003000400000005001700004008004100021020001800062040000700080082001700087100002000104245008700124250000700211260004200218300002400260500001900284600002100303650005000324OSt20241023074817.0240925s9999 xx 000 0 und d a9788131725337 csd a004.6782 MIL aMiller, Michael 0aCloud Computing Web Based application that change the way you work and collaborate aNA aNew Delhi:bPearson Educationc,2008. a1334p.b0fOriginal aIncludes Index aComputer Science aComputer science, information & general works